Statistics for Alabama cities A-Z

Click here to take the quiz!

General Stats

  • This quiz has been taken 16 times
  • The average score is 9 of 23

Answer Stats

Letter Population Answer % Correct
M205,764Montgomery
100%
B212,237Birmingham
100%
T90,468Tuscaloosa
79%
F39,319Florence
79%
H180,105Huntsville
79%
A53,380Auburn
64%
D65,496Dothan
64%
G36,856Gadsden
64%
S20,756Selma
57%
O26,477Opelika
29%
I12,349Irondale
29%
P33,960Prattville
29%
R9,830Russellville
21%
Y2,538York
21%
J14,352Jasper
14%
E26,562Enterprise
14%
U3,980Union Springs
14%
L11,773Leeds
14%
N23,330Northport
7%
K2,711Kimberly
7%
C16,921Center Point
7%
V34,033Vestavia Hills
7%
W6,567Wetumpka
0%

Score Distribution

Percentile by Number Answered

Percent of People with Each Score

Your Score History

You have not taken this quiz